=LDR 00000nam 2200000 4500 =001 INLIS000000000031599 =005 20130612133649 =008 ***********************************ind** =035 ##$$a0010-061300000031599 =041 ##$$a ind =082 ##$$a F Rom D =090 ##$$a F Rom D, Els, p =100 ##$$a EL.SHIRAZY, Habiburrahman =245 ##$$a Pudarnya Pesona Cleopatra , Habiburrahman El Shirazi =260 ##$$a [20...?] $b .[s.l] =650 ##$$a FIKSI DEWASA =850 ##$$a NBPNMAT =990 ##$$a 94247/BPAP-NTB/2014